000 00473nam a2200169 4500
001 17345
005 20230410123955.0
008 060907n2004 dr spa
020 _a0415306795
035 _9funglode17481
041 _aEN
050 1 4 _aLB 1564 R438 2004
245 0 _aRethinking the school curriculum :
_bvalues, aims and purposes /
_cEdited by John White
260 _aLondon :
_bRoutledgeFalmer,
_c2004
300 _aix, 195 p.
942 _2lcc
_cbk
999 _c68980
_d68980